000 00843nas a2200229 4500
001 BR0705959
003 BR-BrBNA
005 20231205111221.0
007 ta
008 230509b bl.|||p| |||| 00| 00por d
040 _aBR-BrBNA
_bpor
_cBiblioteca Nacional de Agricultura
041 _a(Pt)
072 _aL40
100 1 _aFerreira, N.
245 1 _aContribuição ao estudo das vias biliferas e extra-hepáticas no Equus Caballus. Sistematização do Ramus Principalis Dexter: Ramus Principalis Sinister e do Doctus Choledocus
650 _aBILIS
650 _aCAVALO
650 _aANATOMIA ANIMAL
773 0 _tRevista da Faculdade de Medicina Veterinária e Zootecnia da Universidade de São Paulo (Brazil)
_xISSN 0303-7525
_g(1974), v. 11 p. 201-226
_wBR0705959
909 _a202311
_bLúcia
_c55
_dLúcia Elande
942 _2AGRIS
_n0
_cANA
999 _c191414
_d191414